000 00567nam a2200229Ia 4500
003 OSt
005 20220916111031.0
006 a|||||r|||| 00| 0
007 ta
008 220915b |||||||| |||| 00| 0 eng d
024 _a124026
037 _cTextbook
040 _beng
_aARTS
_cARTS
041 _aeng
082 _aV6413:1:N5, J0 (906)
100 _aCornet Rene J
245 0 _aTerre Katangaise
260 _aNA
_bNA
650 _aHISTORY
942 _hV6413:1:N5, J0 (906)
_cTB
_2CC
999 _c103986
_d103986